| 000 | 00625nam a22001815i 4500 | ||
|---|---|---|---|
| 001 | 163956 | ||
| 003 | ES-MaACL | ||
| 005 | 20230906212839.0 | ||
| 008 | 940615s1863 sp |||| | spa d | ||
| 040 |
_aCAM _bspa |
||
| 100 | 1 |
_aRos de Olano, Antonio. _999585 |
|
| 245 | 1 | 3 |
_aEl doctor Lañuela _b: episodio sacado de las memorias inéditas de un tal Joséf / _cpor Antonio Ros de Olano. |
| 260 |
_aMadrid : _b[s.n.], _c1863 ( _fImp. Manuel Galiano) |
||
| 300 |
_a284, [1] p. ; _c24 cm. |
||
| 700 | 1 | 1 |
_aGaliano, Manuel, _eimp. _9127186 |
| 852 |
_aES-MaACL _jB-4376 _z-- Rust. |
||
| 852 |
_aES-MaACL _jG-12539 _z-- Enc. hol. |
||
| 999 |
_c163956 _d163956 |
||